Saṃskr̥ta-kāvyakāra. (Record no. 55923)

MARC details
000 -LEADER
fixed length control field 00687cam a22002411a 4500
001 - CONTROL NUMBER
control field sa 63004914
003 - CONTROL NUMBER IDENTIFIER
control field DLC
005 - DATE AND TIME OF LATEST TRANSACTION
control field 20260227111952.0
008 - FIXED-LENGTH DATA ELEMENTS--GENERAL INFORMATION
fixed length control field 891228s1962 ii b 000 0 hino
010 ## - LIBRARY OF CONGRESS CONTROL NUMBER
LC control number sa 63004914
035 ## - SYSTEM CONTROL NUMBER
System control number (OCoLC)20831806
040 ## - CATALOGING SOURCE
Original cataloging agency DLC
Transcribing agency WaU
Modifying agency NSyU
-- DLC
042 ## - AUTHENTICATION CODE
Authentication code premarc
043 ## - GEOGRAPHIC AREA CODE
Geographic area code a-ii---
050 00 - LIBRARY OF CONGRESS CALL NUMBER
Classification number PK2903
Item number .S53
100 1# - MAIN ENTRY--PERSONAL NAME
Personal name Śāstrī, Haridatta,
Dates associated with a name 1905-
245 10 - TITLE STATEMENT
Title Saṃskr̥ta-kāvyakāra.
Statement of responsibility, etc. lekhaka Haridatta Śāstrī.
260 ## - PUBLICATION, DISTRIBUTION, ETC.
Place of publication, distribution, etc. Meraṭha
Name of publisher, distributor, etc. Sāhitya Bhaṇḍāra
Date of publication, distribution, etc. [1962]
300 ## - PHYSICAL DESCRIPTION
Extent 596 p.
Dimensions 23 cm.
500 ## - GENERAL NOTE
General note In Hindi.
504 ## - BIBLIOGRAPHY, ETC. NOTE
Bibliography, etc. note Bibliographical footnotes.
650 #0 - SUBJECT ADDED ENTRY--TOPICAL TERM
Topical term or geographic name entry element Sanskrit literature
General subdivision History and criticism.

No items available.

Powered by Koha